<?xml version="1.0" encoding="UTF-8"?>
<collection xmlns="http://www.loc.gov/MARC21/slim">
 <record>
  <leader>01592nam a2200289 a 4500</leader>
  <controlfield tag="001">2559730</controlfield>
  <controlfield tag="008">091108s1995    bg ab    b    001 0 eng D</controlfield>
  <datafield tag="010" ind1=" " ind2=" ">
   <subfield code="a">\\\95013681 </subfield>
  </datafield>
  <datafield tag="020" ind1=" " ind2=" ">
   <subfield code="a">1856493318 (hb)</subfield>
  </datafield>
  <datafield tag="020" ind1=" " ind2=" ">
   <subfield code="a">1856493326 (pb)</subfield>
  </datafield>
  <datafield tag="020" ind1=" " ind2=" ">
   <subfield code="a">9840513044 (pb)</subfield>
  </datafield>
  <datafield tag="040" ind1=" " ind2=" ">
   <subfield code="a">DLC</subfield>
   <subfield code="c">DLC</subfield>
   <subfield code="d">DLC</subfield>
  </datafield>
  <datafield tag="082" ind1="0" ind2="0">
   <subfield code="a">333.91</subfield>
   <subfield code="2">20</subfield>
  </datafield>
  <datafield tag="245" ind1="0" ind2="0">
   <subfield code="a">Hydropolitics :</subfield>
   <subfield code="b">conflicts over water as a development constraint /</subfield>
   <subfield code="c">edited by Leif Ohlsson.</subfield>
  </datafield>
  <datafield tag="260" ind1=" " ind2=" ">
   <subfield code="a">Dhaka :</subfield>
   <subfield code="b">University Press ;</subfield>
   <subfield code="a">London ;</subfield>
   <subfield code="a">Atlantic Highlands, N.J. :</subfield>
   <subfield code="b">Zed Books,</subfield>
   <subfield code="c">1995.</subfield>
  </datafield>
  <datafield tag="300" ind1=" " ind2=" ">
   <subfield code="a">230 p. :</subfield>
   <subfield code="b">ill., maps ;</subfield>
   <subfield code="c">23 cm.</subfield>
  </datafield>
  <datafield tag="504" ind1=" " ind2=" ">
   <subfield code="a">Includes bibliographical references (p. 213-224) and index.</subfield>
  </datafield>
  <datafield tag="541" ind1="1" ind2=" ">
   <subfield code="e">00005547</subfield>
  </datafield>
  <datafield tag="650" ind1=" " ind2="0">
   <subfield code="a">Water resources development</subfield>
   <subfield code="x">Political aspects.</subfield>
  </datafield>
  <datafield tag="650" ind1=" " ind2="0">
   <subfield code="a">Water-supply</subfield>
   <subfield code="x">Political aspects.</subfield>
  </datafield>
  <datafield tag="700" ind1="1" ind2=" ">
   <subfield code="a">Ohlsson, Leif,</subfield>
   <subfield code="d">1945-</subfield>
  </datafield>
  <datafield tag="852" ind1="4" ind2=" ">
   <subfield code="a">Ayesha Abed Library</subfield>
   <subfield code="j">General shelf</subfield>
  </datafield>
  <datafield tag="999" ind1=" " ind2=" ">
   <subfield code="c">5250</subfield>
   <subfield code="d">5250</subfield>
  </datafield>
  <datafield tag="952" ind1=" " ind2=" ">
   <subfield code="0">0</subfield>
   <subfield code="1">0</subfield>
   <subfield code="2">ddc</subfield>
   <subfield code="4">0</subfield>
   <subfield code="6">333_910000000000000_HYD_1996</subfield>
   <subfield code="7">0</subfield>
   <subfield code="9">5095</subfield>
   <subfield code="a">BRACUL</subfield>
   <subfield code="b">BRACUL</subfield>
   <subfield code="c">GEN</subfield>
   <subfield code="d">2009-11-09</subfield>
   <subfield code="g">280.00</subfield>
   <subfield code="l">1</subfield>
   <subfield code="m">15</subfield>
   <subfield code="o">333.91 HYD</subfield>
   <subfield code="p">3010005547</subfield>
   <subfield code="r">2014-08-19</subfield>
   <subfield code="s">2014-05-11</subfield>
   <subfield code="t">1</subfield>
   <subfield code="v">560.00</subfield>
   <subfield code="w">2009-11-09</subfield>
   <subfield code="y">BK</subfield>
  </datafield>
  <datafield tag="952" ind1=" " ind2=" ">
   <subfield code="0">0</subfield>
   <subfield code="1">0</subfield>
   <subfield code="2">ddc</subfield>
   <subfield code="4">0</subfield>
   <subfield code="6">333_910000000000000_HYD</subfield>
   <subfield code="7">0</subfield>
   <subfield code="9">20227</subfield>
   <subfield code="a">C3ER</subfield>
   <subfield code="b">C3ER</subfield>
   <subfield code="c">GEN</subfield>
   <subfield code="d">2012-05-21</subfield>
   <subfield code="g">350.00</subfield>
   <subfield code="l">2</subfield>
   <subfield code="m">5</subfield>
   <subfield code="o">333.91 HYD</subfield>
   <subfield code="p">3010025240</subfield>
   <subfield code="r">2015-11-08</subfield>
   <subfield code="s">2014-02-24</subfield>
   <subfield code="t">2</subfield>
   <subfield code="w">2012-05-21</subfield>
   <subfield code="y">BK</subfield>
  </datafield>
  <datafield tag="952" ind1=" " ind2=" ">
   <subfield code="0">0</subfield>
   <subfield code="1">0</subfield>
   <subfield code="2">ddc</subfield>
   <subfield code="4">0</subfield>
   <subfield code="6">333_910000000000000_HYD</subfield>
   <subfield code="7">0</subfield>
   <subfield code="9">20984</subfield>
   <subfield code="a">IGS</subfield>
   <subfield code="b">IGS</subfield>
   <subfield code="c">GEN</subfield>
   <subfield code="d">2012-08-07</subfield>
   <subfield code="e">The University Press Limited</subfield>
   <subfield code="g">350.00</subfield>
   <subfield code="l">1</subfield>
   <subfield code="m">2</subfield>
   <subfield code="o">333.91 HYD</subfield>
   <subfield code="p">3010025756</subfield>
   <subfield code="r">2014-06-09</subfield>
   <subfield code="s">2013-02-14</subfield>
   <subfield code="t">3</subfield>
   <subfield code="w">2012-08-07</subfield>
   <subfield code="y">BK</subfield>
  </datafield>
  <datafield tag="952" ind1=" " ind2=" ">
   <subfield code="0">0</subfield>
   <subfield code="1">0</subfield>
   <subfield code="2">ddc</subfield>
   <subfield code="4">0</subfield>
   <subfield code="6">333_910000000000000_HYD</subfield>
   <subfield code="7">0</subfield>
   <subfield code="9">61072</subfield>
   <subfield code="a">IGS</subfield>
   <subfield code="b">IGS</subfield>
   <subfield code="c">GEN</subfield>
   <subfield code="d">2007-11-28</subfield>
   <subfield code="g">350.00</subfield>
   <subfield code="l">0</subfield>
   <subfield code="o">333.91 HYD</subfield>
   <subfield code="p">3010016740</subfield>
   <subfield code="r">2017-08-29</subfield>
   <subfield code="t">4</subfield>
   <subfield code="w">2017-08-29</subfield>
   <subfield code="y">BK</subfield>
  </datafield>
 </record>
</collection>
